Apoyo psicosocial en tiempo de oscuridad: una experiencia compartida en El Salvador /
El texto trata de describir el camino de apoyo psicosocial emprendido con un grupo de familiares de víctimas de violaciones de derechos humanos. Se intenta explicar cómo, a través de las narraciones, el diálogo y las acciones compartidas, estos familiares reconstruyen, en ese grupo, su memoria y su...
Zapisane w:
| 1. autor: | |
|---|---|
| Format: | Texto |
| Hasła przedmiotowe: | |
| Etykiety: |
Dodaj etykietę
Nie ma etykietki, Dołącz pierwszą etykiete!
|
MARC
| LEADER | 00000 a a2200000 04500 | ||
|---|---|---|---|
| 001 | 5186 | ||
| 003 | |||
| 040 | |||
| 100 | |a Yáñez, Sol | ||
| 245 | |a Apoyo psicosocial en tiempo de oscuridad: |b una experiencia compartida en El Salvador / |c Sol Yáñez | ||
| 520 | |a El texto trata de describir el camino de apoyo psicosocial emprendido con un grupo de familiares de víctimas de violaciones de derechos humanos. Se intenta explicar cómo, a través de las narraciones, el diálogo y las acciones compartidas, estos familiares reconstruyen, en ese grupo, su memoria y su tejido social | ||
| 650 | |a VIOLENCIA | ||
| 650 | |a REPRESION | ||
| 650 | |a VICTIMAS | ||
| 650 | |a ASPECTOS PSICOLOGICOS | ||
| 650 | |a FAMILIA | ||
| 650 | |a GRUPOS | ||
| 773 | |g volumen 57, número 649 -650; páginas 1103-1120 | ||
| 999 | |c 31700 |d 31700 | ||
